Understanding digital marketing : marketing strategies for engaging the digital generation.

Bibliographic Details
Main Author: Ryan
Other Authors: Jones,
Format: Book
Published: London: Kogan Page, 2012.
Edition:2nd ed..
Subjects:
LEADER 00613cam a2200205 7i4500
001 0000027865
005 20220119090000.0
020 0 0 |a 9780749464271  
090 0 0 |a B 658.872   |b RYA 
100 1 0 |a Ryan  
245 1 0 |a Understanding digital marketing :   |b marketing strategies for engaging the digital generation. 
250 0 0 |a 2nd ed.. 
260 0 0 |a London:   |b Kogan Page,   |c 2012. 
300 # # |a 283 p. 
650 0 0 |a Strategic planning  
650 0 0 |a Marketing --   |x Management  
650 0 0 |a Internet marketing  
650 0 0 |a Social media  
700 1 0 |a Jones,   |h Calvin  
999 |a B000030720  |b Book  |c Book  |e Business Information Centre